History Quiz

Random History or World Quiz

Famous Fives: Country by Historic Event Quiz Stats

Quiz Updated Nov 11, 2017

Challenge
Share
Tweet
Embed
Score 0/55 Timer 10:00
26 Plays Today
% Correct
Brazil
93.6%
United Arab Emirates
83%
Greece
82.6%
Ukraine
81.5%
Cuba
79.8%
France
79.5%
South Sudan
79.1%
South Africa
79.1%
Vietnam
77.3%
Egypt
77.3%
Rwanda
76.1%
Pakistan
75.7%
Israel
75.5%
Kuwait
75.4%
Panama
75%
China
74%
Argentina
74%
Iran
73.7%
Czech Republic
72.6%
Peru
72.1%
Cambodia
71.8%
Monaco
71.7%
Spain
70.3%
Afghanistan
68.1%
Iraq
67.3%
Germany
66.6%
Canada
66.3%
United States of America
65.8%
% Correct
Ethiopia
65.5%
Netherlands
65.4%
Saudi Arabia
64.9%
Nepal
63.3%
Turkey
61.4%
Mexico
61.4%
Bosnia and Herzegovina
61.2%
Denmark
60.4%
Sri Lanka
57.3%
Haiti
55.6%
Norway
54.7%
Guyana
53.3%
Bolivia
53%
Tunisia
51.1%
United Kingdom
49.6%
Japan
49.6%
Ireland
49.2%
Australia
47.4%
Hungary
45.6%
India
45%
Uruguay
42.5%
South Korea
41.1%
Sudan
41.1%
New Zealand
32.4%
Italy
31.9%
Switzerland
27.7%
Serbia
18%

You're not logged in!

Compare scores with friends on all Sporcle quizzes.
Sign Up with Email
OR
Log In

You Might Also Like...

Show Comments

Extras

Top Quizzes Today


Score Distribution

Your Account Isn't Verified!

In order to create a playlist on Sporcle, you need to verify the email address you used during registration. Go to your Sporcle Settings to finish the process.